[Event "Pula op 13th"]
[Site "Pula"]
[Date "1999.06.04"]
[Round "6"]
[White "Zelic, Mladen"]
[Black "Saric, Ibro"]
[Result "1/2-1/2"]
[WhiteElo "2354"]
[BlackElo "2222"]

1.e4 c6 2.d4 g6 3.Nc3 Bg7 4.Bc4 d5 5.exd5 b5 6.Bb3 b4 7.Nce2 cxd5 8.Nf3 Nf6
9.O-O O-O 10.a3 bxa3 11.Rxa3 Bb7 12.Bf4 Nbd7 13.Qd2 Ne4 14.Qe3 Nd6 15.Ne5 Nb6
16.Ra2 a6 17.c3 Ndc4 18.Qg3 a5 19.Bc2 Nxe5 20.Bxe5 Bxe5 21.dxe5 Ba6 22.Bd3 Bxd3
23.Qxd3 Nc4 24.f4 Qb6+ 25.Nd4 Nxb2 26.Qf3 Nc4 27.f5 Nxe5 28.Qxd5 Qd6 29.Rxa5 Rxa5
30.Qxa5 Ng4 31.g3 Rc8 32.fxg6 hxg6 33.Qg5 Nf6 34.Nf5 Qc5+ 35.Kg2 Rc7 36.Nxe7+ Qxe7
37.Rxf6 Qe4+ 38.Kh3 Rxc3  1/2-1/2

[Event "CZE-ch"]
[Site "Lazne Bohdanec"]
[Date "1999.06.05"]
[Round "3"]
[White "Talla, Vladimir"]
[Black "Vokac, Marek"]
[Result "1/2-1/2"]
[WhiteElo "2362"]
[BlackElo "2495"]

1.e4 g6 2.d4 Bg7 3.Nc3 c6 4.Bc4 b5 5.Bb3 b4 6.Nce2 Nf6 7.e5 Nd5 8.a3 bxa3
9.Rxa3 d6 10.f4 Nc7 11.Nf3 Bg4 12.O-O O-O 13.Qe1 e6 14.Be3 Nd7 15.c4 d5 16.c5 Bxf3
17.Rxf3 f6 18.Ba4 Rb8 19.Bc1 Nb5 20.Bxb5 Rxb5 21.Rxa7 fxe5 22.fxe5 Rxf3 23.gxf3 Nf8
24.Kg2 Qb8 25.Ra3 Qb7 26.Qh4 Rb4 27.Qe1 Rb5 28.Qc3 h6 29.f4 Rb4 30.b3 Rb5
31.Bd2 Qf7 32.Qd3 Rb7 33.b4 Qe8 34.Ra5 g5 35.fxg5 hxg5 36.Bxg5 Qh5 37.h4 Qg4+
38.Kf2 Rxb4 39.Qf3 Rxd4 40.Nxd4 Qxd4+ 41.Kg2 Qxe5 42.Ra8 Qb2+ 43.Kh3 Qb7
44.Ra2 Ng6 45.Rf2 Ne5 46.Qh5 Qb1 47.Qe8+ Kh7 48.Qh5+ Kg8 49.Qe8+ Kh7 50.Qh5+  1/2-1/2

[Event "Fan Adams Int f-B"]
[Site "New York"]
[Date "1999.06.25"]
[Round "2"]
[White "Morrison, William"]
[Black "Bonin, Jay R"]
[Result "1/2-1/2"]
[WhiteElo "2367"]
[BlackElo "2419"]

1.e4 g6 2.d4 Bg7 3.Nc3 c6 4.Nf3 d5 5.h3 a6 6.a4 Nh6 7.e5 a5 8.Bf4 f6 9.Qd2 Nf7
10.Be2 O-O 11.O-O Na6 12.Rfe1 Nc7 13.Bf1 Ne6 14.exf6 exf6 15.Be3 Qc7 16.Nh2 Bd7
17.Rad1 Rad8 18.f3 f5 19.f4 Nd6 20.Nf3  1/2-1/2

[Event "World op"]
[Site "Philadelphia"]
[Date "1999.06.27"]
[Round "1"]
[White "Fink, Stanley"]
[Black "Ivanov, Alexander"]
[Result "1/2-1/2"]
[WhiteElo "2185"]
[BlackElo "2505"]

1.d4 g6 2.e4 Bg7 3.Nc3 c6 4.Nf3 d6 5.a4 Bg4 6.Bc4 e6 7.d5 cxd5 8.exd5 Bxc3+
9.bxc3 e5 10.O-O Nd7 11.Bb5 Nf6 12.Bg5 h6 13.Bxd7+ Bxd7 14.Bxf6 Qxf6 15.Qb1 O-O
16.Nd2 Bf5 17.Re1 Rfc8 18.c4 Rc7 19.Qb2 Qg5 20.Re3 Bh3 21.g3 f5 22.Rae1 Rf8
23.f4 exf4 24.Re8 Rf7 25.Nf3 Qf6 26.Rxf8+ Kxf8 27.Qb4 fxg3 28.Re6 Qa1+ 29.Re1 Qf6
30.Re6 Qa1+ 31.Re1 Qf6  1/2-1/2

[Event "EUCup99 (Women)"]
[Site "Nova Gorica"]
[Date "1999.07.03"]
[Round "5"]
[White "Zozulia, Anna"]
[Black "Foisor, Cristina Adela B"]
[Result "1-0"]
[WhiteElo "2327"]
[BlackElo "2370"]

1.e4 g6 2.d4 Bg7 3.Nc3 c6 4.h3 d6 5.f4 e5 6.dxe5 Qh4+ 7.Ke2 dxe5 8.Nf3 Qe7
9.fxe5 h6 10.Bf4 Be6 11.Qd6 Nd7 12.Rd1 O-O-O 13.Kf2 g5 14.Be3 Nb6 15.Qxd8+ Qxd8
16.Rxd8+ Kxd8 17.Be2 Ne7 18.Rd1+ Kc8 19.a4 Kb8 20.Nd4 Bxe5 21.Nxe6 fxe6 22.a5 Nbc8
23.Na4 Bc7 24.Nc5 e5 25.Rd7 Ng6 26.Ba6 Nf8 27.Rg7 b6 28.Bxc8 Kxc8 29.Na6 Rh7
30.Rxc7+ Rxc7 31.Nxc7 Kxc7 32.Kg3 bxa5 33.Kg4 Kd6 34.Kh5 a4 35.Kxh6 Ne6 36.Bxg5 Nc5
37.Be3 Nxe4 38.g4 Ke6 39.h4 Nf6 40.Kg5 Nd5 41.Bc5 a5 42.h5 e4 43.c4 Nf6 44.Bd4 Nd7
45.Kf4 Kf7 46.Kxe4 Kg8 47.g5 Kh7 48.Kf5 c5 49.Bc3 Nb6 50.g6+  1-0

[Event "SVK-ch"]
[Site "Nove Zamky"]
[Date "1999.07.06"]
[Round "4"]
[White "Gazik, Igor"]
[Black "Strachan, Jan"]
[Result "0-1"]
[WhiteElo "2345"]
[BlackElo "2185"]

1.e4 g6 2.d4 c6 3.Nc3 Bg7 4.Nf3 d6 5.Be2 Nf6 6.h3 O-O 7.Be3 Qa5 8.O-O Nbd7
9.Qd2 Re8 10.Rfe1 e5 11.Rad1 a6 12.a3 b5 13.Qc1 Qc7 14.dxe5 dxe5 15.g4 Bb7
16.Nh2 c5 17.f3 Nf8 18.Bf1 Ne6 19.Ne2 c4 20.c3 Nd7 21.Qc2 Ndc5 22.Nc1 Nf4
23.Qf2 Nce6 24.Bg2 h6 25.Nf1 Bf6 26.Rd2 Qe7 27.Red1 Bh4 28.Ng3 Red8 29.Bf1 Rxd2
30.Rxd2 Rd8 31.Kh2 Ng5 32.Bg2 Rxd2 33.Bxd2 Qd7 34.Qe3 Ngxh3 35.Be1 Qd1 36.Qd2  0-1

[Event "SVK-ch"]
[Site "Nove Zamky"]
[Date "1999.07.06"]
[Round "4"]
[White "Helbich, Jan"]
[Black "Petran, Peter"]
[Result "1-0"]
[WhiteElo "2203"]
[BlackElo "2407"]

1.e4 g6 2.d4 Bg7 3.Nc3 c6 4.f4 d5 5.e5 h5 6.Nf3 Nh6 7.Be3 Bg4 8.Be2 e6 9.O-O Bf8
10.Bf2 Be7 11.a4 Nd7 12.h3 Bxf3 13.Bxf3 h4 14.Ne2 Nf5 15.b3 b5 16.axb5 cxb5
17.c4 bxc4 18.bxc4 Nb6 19.cxd5 Nxd5 20.Qa4+ Kf8 21.Rfb1 Kg7 22.Rb5 a6 23.Ra5 Rb8
24.Bxd5 exd5 25.Rxa6 Rb2 26.Nc3 Rb4 27.Qa5 Nxd4 28.Nxd5 Rc4 29.Bxd4 Rxd4
30.Nxe7 Qxe7 31.Rf6 Rhd8 32.Qe1 R8d5 33.Kh2 g5 34.fxg5 Rxe5 35.Qf2 Red5 36.Rf1 Rd7
37.Qf5 R4d5 38.Qf4 Rd4 39.Qf5 R4d5 40.Qf4 Rd4 41.Qf3 Qe5+ 42.Kh1 Qd5 43.Qc3 Qc4
44.Qe1 Qd5 45.Qa1 Qe5 46.R6f4 Kg8 47.Rxh4 Qg7 48.Rxd4 Qxd4 49.Qxd4 Rxd4 50.Kh2 Kg7
51.Rf6 Rc4 52.Kg3 Rc3+ 53.Kg4 Rc2 54.g3 Rc4+ 55.Rf4 Rc6 56.h4 Rd6 57.h5 Ra6
58.Kh4 Rb6 59.Rf6 Rb4+ 60.g4 Rb7 61.h6+ Kh7 62.Kh5 Kg8 63.g6 Rb5+ 64.g5 fxg6+
65.Kxg6 Rb8 66.Ra6 Rc8 67.Ra7 Rb8 68.Kh5 Rc8 69.g6 Rb8 70.h7+ Kh8 71.Kh6  1-0

[Event "SVK-ch"]
[Site "Nove Zamky"]
[Date "1999.07.08"]
[Round "6"]
[White "Hagara, Eduard"]
[Black "Strachan, Jan"]
[Result "1-0"]
[WhiteElo "2329"]
[BlackElo "2185"]

1.e4 g6 2.d4 Bg7 3.Nc3 c6 4.Be3 d5 5.e5 Nh6 6.f4 Ng4 7.Bc1 h5 8.Nf3 Nh6 9.Be3 Bf5
10.Be2 e6 11.h3 a6 12.O-O Nd7 13.Bf2 b5 14.Nd2 b4 15.Na4 Bf8 16.Nf3 Be7 17.Qd2 Be4
18.Ng5 Bxg5 19.fxg5 Nf5 20.a3 a5 21.h4 Rb8 22.axb4 axb4 23.b3 O-O 24.g4 hxg4
25.Bxg4 Kg7 26.Bxf5 exf5 27.Nb2 Rh8 28.Nd3 Nf8 29.Nc5 Bf3 30.Ra7 Kg8 31.Bg3 Be4
32.e6 Nxe6 33.Nxe6 fxe6 34.Qf4 Ra8 35.Rc7 Rh7 36.Rxc6 Qd7 37.Rd6 Qb5 38.Rxe6 Rha7
39.Qf2 Ra2 40.Rc1 Kh7 41.Be5 R8a7 42.h5 Ra1 43.hxg6+ Kg8 44.Qf1 Rxc1 45.Qxc1 Ra6
46.c4 bxc3 47.Qxc3 Rxe6 48.Qh3 Rxg6 49.Qh8+ Kf7 50.Qh7+ Kf8 51.Qxg6  1-0

[Event "Paris-ch"]
[Site "Paris"]
[Date "1999.07.20"]
[Round "4"]
[White "Mircescu, Ovidiu"]
[Black "Pass, Deborah"]
[Result "1-0"]
[WhiteElo "2217"]
[BlackElo "2030"]

1.e4 g6 2.d4 Bg7 3.Nc3 c6 4.Be3 d5 5.e5 Nh6 6.Be2 Nf5 7.Qd2 O-O 8.Bf4 Nd7
9.g4 g5 10.Bxg5 f6 11.gxf5 fxg5 12.Qxg5 Nb6 13.Bd3 Nc4 14.Nf3 Nxb2 15.Rg1  1-0

[Event "Dutch Open"]
[Site "Dieren"]
[Date "1999.07.21"]
[Round "2"]
[White "Berelovich, Aleksandar"]
[Black "Hartoch, Robert G"]
[Result "1-0"]
[WhiteElo "2468"]
[BlackElo "2329"]

1.e4 g6 2.d4 Bg7 3.Nc3 c6 4.f4 d5 5.e5 Nh6 6.Nf3 f6 7.Be3 O-O 8.h3 Qb6 9.Na4 Qc7
10.Qd2 Nd7 11.g4 fxe5 12.dxe5 e6 13.Nc5 Nxc5 14.Bxc5 Rd8 15.O-O-O b6 16.Bd6 Qd7
17.Ng5 Nf7 18.Nxf7 Qxf7 19.Bd3 Bf8 20.h4 Rxd6 21.exd6 Bxd6 22.Rdf1 Bd7 23.h5 Rf8
24.hxg6 Qxf4 25.gxh7+ Kh8 26.Qxf4 Bxf4+ 27.Kd1 e5 28.Bf5 Bxf5 29.gxf5 Rxf5
30.Rfg1 Rf8 31.Rg6 c5 32.Re6 e4 33.c4 Rd8 34.cxd5 Rxd5+ 35.Kc2 Rd2+ 36.Kc3 Rd3+
37.Kc4 Rd8 38.Rxe4 Bg5 39.Rg1 Bf6 40.Rg8+ Rxg8 41.hxg8=Q+ Kxg8 42.b3 Kf7
43.Kb5 Bd4 44.Ka6 Kf6 45.a4 Kf5 46.Re7  1-0

[Event "Komercni Banka op"]
[Site "Pardubice"]
[Date "1999.07.22"]
[Round "7"]
[White "El Taher, Fouad"]
[Black "Markgraf, Alexander"]
[Result "1-0"]
[WhiteElo "2446"]
[BlackElo "2258"]

1.e4 g6 2.d4 Bg7 3.Nc3 c6 4.Nf3 d5 5.h3 Nf6 6.Bd3 dxe4 7.Nxe4 Nxe4 8.Bxe4 Nd7
9.O-O O-O 10.Bg5 h6 11.Be3 Qc7 12.Qc1 Kh7 13.Re1 e5 14.c3 Nf6 15.Bc2 exd4
16.Bxd4 Nd5 17.Bxg7 Kxg7 18.c4 Nf4 19.b3 Be6 20.Ne5 g5 21.Qe3 Rfe8 22.Rad1 Rad8
23.Rd4 f6 24.Rxf4 gxf4 25.Qe4 f5 26.Qxf4 Qe7 27.Re3 Qf6 28.Rg3+ Kh7 29.Rg6 Qxg6
30.Nxg6 Kxg6 31.g4 Bc8 32.h4 Rh8 33.Kh2 Kg7 34.gxf5 Kf6 35.Qe3 a6 36.Qc3+ Kf7
37.h5 Rdf8 38.Qe5 Re8 39.Qd6 Rhg8 40.f6 Be6 41.Qf4 Ref8 42.Qxh6 Ke8 43.Bg6+ Kd8
44.Qf4 Kd7 45.Qd4+ Kc8 46.Qe5 Bd7 47.f7 Rh8 48.Kg3 Rd8 49.b4 b5 50.c5 Kb7
51.Kh4 Bc8 52.f4  1-0

[Event "Paris-ch"]
[Site "Paris"]
[Date "1999.07.24"]
[Round "8"]
[White "Bakus, Michel"]
[Black "Pass, Deborah"]
[Result "1-0"]
[WhiteElo "2147"]
[BlackElo "2030"]

1.e4 g6 2.d4 Bg7 3.Nc3 c6 4.Be3 d5 5.e5 h5 6.Qd2 Nh6 7.Nf3 Bg4 8.Be2 Nf5
9.e6 f6 10.Bd3 Qd6 11.h3 Bxf3 12.Bxf5 gxf5 13.gxf3 Qxe6 14.O-O-O Nd7 15.Rde1 Qf7
16.Qd3 e6 17.Bf4 O-O-O 18.Nb5 Ne5 19.Nxa7+ Kb8 20.dxe5 fxe5 21.Rxe5 Qc7 22.Rhe1 Kxa7
23.Qa3+ Kb8 24.Qe3 d4 25.Qd2  1-0

[Event "Dutch Open"]
[Site "Dieren"]
[Date "1999.07.26"]
[Round "7"]
[White "Solleveld, Maarten"]
[Black "Ludden, Gert Jan"]
[Result "1-0"]
[WhiteElo "2404"]
[BlackElo "2252"]

1.e4 g6 2.d4 Bg7 3.Nc3 c6 4.Bc4 d6 5.Qf3 e6 6.Nge2 b5 7.Bd3 Nd7 8.h4 b4 9.Nd1 Bb7
10.h5 c5 11.c3 Ne7 12.Ne3 cxd4 13.cxd4 Nf5 14.hxg6 fxg6 15.Nc4 Rc8 16.g4 d5
17.exf5 dxc4 18.Qxb7 cxd3 19.fxe6 dxe2 20.Bg5 Rc7 21.Qb5 Qa8 22.exd7+ Rxd7
23.Qxe2+ Kf7 24.Qc4+ Qd5 25.Rc1 Re8+ 26.Be3 Qxc4 27.Rxc4 Rxd4 28.Rxd4 Bxd4
29.Rxh7+ Kg8 30.Rb7 Bxe3 31.fxe3 Rxe3+ 32.Kf2 Rh3 33.Rxb4 Kf7 34.Kg2 Rd3
35.Rf4+ Ke6 36.b3 Ke5 37.Ra4 Rd7 38.Kf3 Rc7 39.Ra5+ Kf6 40.Kf4 Rd7 41.Ra6+ Kf7
42.Kg5  1-0

[Event "Aceimar op 6th"]
[Site "Mondariz Balneario"]
[Date "1999.07.28"]
[Round "2"]
[White "Sales Montealegre, Raquel"]
[Black "Lopez Martinez, Jose Manuel"]
[Result "0-1"]
[WhiteElo "2120"]
[BlackElo "2378"]

1.e4 g6 2.d4 Bg7 3.Nc3 c6 4.f4 d5 5.e5 h5 6.Be3 Nh6 7.Nf3 Bg4 8.Qd2 Bxf3
9.gxf3 e6 10.O-O-O Nd7 11.Bd3 Bf8 12.Rhg1 Qa5 13.Kb1 Bb4 14.Bf2 Nb6 15.a3 Bxc3
16.Qxc3 Qxc3 17.bxc3 Na4 18.Be1 Nf5 19.Ka2 b5 20.Bxf5 exf5 21.Bd2 Ke7 22.h4 Ke6
23.Kb3 Rhc8 24.Be3 Rab8 25.Bd2 Rb6 26.Rc1 Ra6 27.Ra1 Nb6 28.Bc1 Ra4 29.Bb2 Nc4
30.Rgd1 c5 31.Rac1 Rc6 32.Ka2 b4  0-1

[Event "Lost Boys op"]
[Site "Antwerp"]
[Date "1999.07.30"]
[Round "1"]
[White "Willemze, Thomas"]
[Black "Van der Wiel, John TH"]
[Result "0-1"]
[WhiteElo "2244"]
[BlackElo "2544"]

1.e4 g6 2.d4 Bg7 3.Nc3 c6 4.Bc4 d6 5.Qf3 e6 6.Nge2 b5 7.Bb3 a5 8.a4 b4 9.Nb1 d5
10.exd5 cxd5 11.c4 Bb7 12.O-O Ne7 13.Bg5 Qd7 14.c5 Nf5 15.Rd1 Nc6 16.Qf4 h6
17.Bf6 Bxf6  0-1

[Event "BCF-ch 86th"]
[Site "Scarborough"]
[Date "1999.08.01"]
[Round "1"]
[White "Buckley, Melanie"]
[Black "Pert, Richard G"]
[Result "0-1"]
[WhiteElo "2075"]
[BlackElo "2308"]

1.e4 g6 2.Nc3 Bg7 3.d4 c6 4.Nf3 d5 5.e5 Bg4 6.h3 Bxf3 7.Qxf3 Qb6 8.Qd3 e6
9.Bg5 h6 10.Bh4 g5 11.Bg3 Ne7 12.O-O-O Nd7 13.h4 O-O-O 14.Be2 c5 15.dxc5 Nxc5
16.Qb5 Nf5 17.Qxb6 axb6 18.Bh5 Nxg3 19.fxg3 Bxe5 20.Bxf7 Rhf8 21.Bg6 Bxg3
22.hxg5 hxg5 23.Ne2 Bf2 24.Rh3 Rf6 25.Bh5 Ne4 26.Rf3 Rxf3 27.gxf3 Nf6 28.Bf7 Kd7
29.Kb1 Ke7 30.Bg6 Rh8 31.c3 Rh3 32.Rf1 Be3 33.Kc2 Rh2 34.Kd3 Bf4 35.b3 Nd7  0-1

[Event "MK Cafe Cup-B"]
[Site "Koszalin"]
[Date "1999.08.04"]
[Round "2"]
[White "Medvegy, Nora"]
[Black "Komliakov, Viktor"]
[Result "0-1"]
[WhiteElo "2296"]
[BlackElo "2494"]

1.e4 g6 2.d4 Bg7 3.Nc3 c6 4.f4 d5 5.e5 h5 6.Nf3 Nh6 7.Be3 b6 8.g3 e6 9.Qd2 Ba6
10.Bg2 Nd7 11.Na4 Bf8 12.h3 Qc7 13.g4 c5 14.b3 O-O-O 15.c3 Kb8 16.Nb2 Rc8
17.Rc1 Be7 18.g5 Nf5 19.Bf2 Rhd8 20.Kd1 cxd4 21.Nxd4 Nxd4 22.Bxd4 Ba3 23.Rc2 Nc5
24.b4 Ne4 25.Bxe4 dxe4 26.Re1 Qc6 27.Qe3 Qd5 28.Qxe4 Rxc3 29.Rxc3 Qxd4+ 30.Qxd4 Rxd4+
31.Kc2 Bxb4 32.Rd1 Bxc3 33.Kxc3 Rxf4 34.Rd7 h4 35.a4 Bf1 36.Kb3 a5 37.Kc3 Rf3+
38.Kd4 Ba6 39.Ke4 Rxh3 40.Rxf7 Rb3  0-1

[Event "MK Cafe Cup-B"]
[Site "Koszalin"]
[Date "1999.08.06"]
[Round "4"]
[White "Dobrowolski, Piotr"]
[Black "Komliakov, Viktor"]
[Result "0-1"]
[WhiteElo "2376"]
[BlackElo "2494"]

1.e4 g6 2.d4 Bg7 3.Nc3 c6 4.Bc4 d6 5.Qf3 e6 6.Nge2 Nd7 7.O-O Qe7 8.Bb3 Ngf6
9.Bg5 h6 10.Bh4 e5 11.Qe3 O-O 12.Rad1 g5 13.Bg3 Nh5 14.f3 exd4 15.Nxd4 Nxg3
16.hxg3 Nc5 17.Qf2 a5 18.Rd2 Bd7 19.Nd1 Nxb3 20.axb3 c5 21.Ne2 f5 22.Ndc3 Bc6
23.exf5 Rxf5 24.g4 Rff8 25.Rfd1 Be5 26.Ng3 Bd4 27.Rxd4 cxd4 28.Qxd4 Rad8
29.Nf5 Qf6 30.Nd5 Qxd4+ 31.Rxd4 Kh7 32.Kf2 h5 33.Nde3 hxg4 34.Rxg4 Kg6 35.Ne7+ Kf6
36.Nxc6 bxc6 37.Ra4 Ra8 38.Nc4 d5 39.Nxa5 c5 40.c3 Rfb8 41.Ke3 Rb5 42.b4 cxb4
43.cxb4 Rab8 44.Nc6 R8b6 45.Nd4 Rxb4 46.Rxb4 Rxb4 47.b3 Rb8 48.Kd3 Rb6 49.Kc3 Ke5
50.Kd3 Ra6 51.g3 Ra1 52.Nc6+ Kd6 53.Nd4 Rd1+ 54.Ke3 Rg1 55.Kf2 Rh1 56.Ke3 Rh3
57.Kf2 Rh2+ 58.Ke3 Rg2 59.b4 Rb2 60.b5 Ra2 61.Kd3 Ra3+ 62.Ke2 Kc5 63.Ne6+ Kxb5
64.Nxg5 Kc4 65.g4 Ra2+ 66.Ke3 d4+ 67.Kf4 d3 68.Ne4 Re2  0-1

[Event "Lost Boys op"]
[Site "Antwerp"]
[Date "1999.08.08"]
[Round "9"]
[White "De Vreugt, Dennis"]
[Black "Van der Wiel, John TH"]
[Result "0-1"]
[WhiteElo "2398"]
[BlackElo "2544"]

1.e4 g6 2.d4 Bg7 3.Nc3 c6 4.Bc4 d6 5.Qf3 e6 6.Nge2 b5 7.Bd3 a6 8.a4 Bb7 9.h4 Nf6
10.Ng3 Nfd7 11.Nce2 c5 12.c3 Qb6 13.a5 Qa7 14.Be3 Nc6 15.Rd1 h5 16.O-O Nf6
17.Nf4 O-O-O 18.b4 Ng4 19.bxc5 dxc5 20.Nfxh5 gxh5 21.Qxf7 cxd4 22.Bg5 Rd7
23.Qxe6 Qb8 24.cxd4 Bxd4 25.e5 Qxe5 26.Bf5 Qxg3 27.Qxd7+ Kb8 28.Bxg4 Ne5
29.Qxb7+ Kxb7 30.Rxd4 Qc3 31.Rfd1 hxg4 32.Bf6 Re8 33.Bxe5 Qxa5 34.Rd7+ Ka8
35.Rc1 b4 36.Bf4 Qf5 37.Rd4 b3 38.Ra1 b2  0-1

[Event "Chania op 9th"]
[Site "Chania"]
[Date "1999.08.08"]
[Round "6"]
[White "Karapanos, Nikolaos"]
[Black "Siebrecht, Sebastian"]
[Result "0-1"]
[WhiteElo "2313"]
[BlackElo "2379"]

1.d4 g6 2.e4 Bg7 3.Nc3 c6 4.h3 d6 5.Nf3 b5 6.a3 a6 7.Be3 Nd7 8.Qd2 Bb7 9.Be2 Qc7
10.O-O Ngf6 11.Bh6 O-O 12.Bxg7 Kxg7 13.Qe3 e5 14.dxe5 dxe5 15.Rad1 Rfe8 16.Nh4 h6
17.g4 Nh7 18.Ng2 Ng5 19.h4 Ne6 20.Rd2 Rad8 21.Rfd1 Ndf8 22.Rxd8 Rxd8 23.Rf1 Nd4
24.Bd1 Nfe6 25.Ne2 c5 26.c3 Nxe2+ 27.Bxe2 Qc6 28.f3 c4 29.Rd1 Rd6 30.Kf2 Nc5
31.Rxd6 Qxd6 32.Kg3 a5 33.Qc1 Qb6 34.Ne3 Qf6 35.Ng2 Qd6 36.Ne3 Qb6 37.Kf2 Qf6
38.Kg3 Bxe4 39.fxe4 Nxe4+ 40.Kh3 Qf2  0-1

[Event "MK Cafe Cup-B"]
[Site "Koszalin"]
[Date "1999.08.08"]
[Round "6"]
[White "Voloshin, Leonid"]
[Black "Komliakov, Viktor"]
[Result "1/2-1/2"]
[WhiteElo "2423"]
[BlackElo "2494"]

1.e4 g6 2.d4 Bg7 3.Nc3 c6 4.Nf3 d5 5.h3 Nf6 6.e5 Ne4 7.Bd3 Nxc3 8.bxc3 c5
9.dxc5 Qa5 10.Bd2 Qxc5 11.O-O O-O 12.Qe2 Qc7 13.c4 Be6 14.cxd5 Bxd5 15.Be4 Bxe4
16.Qxe4 Nd7 17.Rab1 Nc5 18.Qh4 Ne6 19.Bb4 Rfe8 20.Rfd1 Rad8 21.c4 Rxd1+ 22.Rxd1 a5
23.Ba3 Bxe5 24.Bxe7 Rxe7 25.Nxe5 g5 26.Qg3 f6  1/2-1/2

[Event "BCF-ch 86th"]
[Site "Scarborough"]
[Date "1999.08.10"]
[Round "9"]
[White "Dunnington, Angus J"]
[Black "Webster, Andrew"]
[Result "1/2-1/2"]
[WhiteElo "2366"]
[BlackElo "2427"]

1.e4 g6 2.d4 Bg7 3.Nc3 c6 4.Nf3 d5 5.h3 Nf6 6.Bd3 dxe4 7.Nxe4 Nxe4 8.Bxe4 Nd7
9.O-O O-O 10.Bg5 Qc7 11.Re1 e5 12.dxe5 Nxe5 13.Bf4 Nxf3+ 14.Qxf3 Qb6 15.Bd6 Rd8
16.Be7 Re8 17.Bf6 Bxf6 18.Qxf6 Qd8 19.Qxd8 Rxd8 20.Rad1 Be6  1/2-1/2

[Event "MK Cafe Cup-A"]
[Site "Koszalin"]
[Date "1999.08.12"]
[Round "9"]
[White "Zezulkin, Jurij"]
[Black "Gritsak, Orest"]
[Result "0-1"]
[WhiteElo "2478"]
[BlackElo "2550"]

1.e4 g6 2.d4 Bg7 3.Nc3 c6 4.Bc4 d6 5.Qf3 e6 6.Nge2 Nd7 7.h4 Ngf6 8.h5 Nxh5
9.g4 Nhf6 10.g5 Nh5 11.a4 c5 12.Nb5 Nb6 13.Ba2 a6 14.dxc5 axb5 15.cxb6 bxa4
16.c3 Qxb6 17.Be3 Qxb2 18.O-O Qb5 19.Rfd1 Qd7 20.Rd2 O-O 21.Rad1 d5 22.Qg2 Qc7
23.exd5 exd5 24.Bxd5 a3 25.Rb1 Ra4 26.f4 Qe7 27.Qf2 Re8 28.Bc5 Qd7 29.Rbd1 Qg4+
30.Qg2 Qxg2+ 31.Kxg2 Rxe2+ 32.Rxe2 Nxf4+ 33.Kf2 Nxe2 34.Bb3 Rf4+ 35.Ke3 Re4+
36.Kf3 Bg4+ 37.Kxe4 Nxc3+ 38.Kf4 Bxd1  0-1

[Event "BCF-ch 86th"]
[Site "Scarborough"]
[Date "1999.08.12"]
[Round "11"]
[White "Emms, John M"]
[Black "Webster, Andrew"]
[Result "0-1"]
[WhiteElo "2586"]
[BlackElo "2427"]

1.e4 g6 2.d4 Bg7 3.Nc3 c6 4.Be3 d6 5.Qd2 b5 6.Nf3 Nd7 7.Bd3 Qc7 8.O-O Ngf6
9.a4 b4 10.Ne2 a5 11.c3 Ba6 12.Bxa6 Rxa6 13.Ng3 bxc3 14.bxc3 O-O 15.Bh6 c5
16.Bxg7 Kxg7 17.Qg5 e6 18.e5 Ng8 19.Rfe1 h6 20.Qf4 cxd4 21.cxd4 dxe5 22.dxe5 Rc6
23.h4 Rc4 24.Re4 Rc8 25.Rd1 Rc1 26.Ree1 Rxd1 27.Rxd1 Nb6 28.h5 Qc2 29.Re1 Rc4
30.Qe3 Nd5 31.Qa7 Rxa4 32.hxg6 Qxg6 33.Rc1 h5 34.Qd7 Rb4 35.Qd8 Nge7 36.Qxa5 h4
37.Nf1 Rg4 38.Ne1 Qg5 39.Qd2 Qxe5 40.Nf3 Qf6 41.N1h2 Rf4 42.Qe2 Nc3 43.Qd3 Ncd5
44.g3 hxg3 45.fxg3 Ra4 46.Rf1 Nf5 47.Nh4 Rxh4 48.gxh4 Nde3 49.Qxe3 Nxe3 50.Rxf6 Kxf6
51.Kf2 Nf5 52.Nf3 Kg6 53.Ne5+ Kg7 54.h5 Kf6 55.Nf3 Nh6 56.Kg3 Kf5 57.Kh4 Kf4
58.Nd2 Nf5+ 59.Kh3 Kg5 60.h6 Nxh6 61.Kg3 Kf5 62.Kf3 Ng4 63.Ne4 Ne5+ 64.Ke3 Nc4+
65.Kf3 e5 66.Ng3+ Ke6 67.Ne4 f5 68.Ng3 Nd6 69.Nh5 Ne4 70.Ng7+ Kf6 71.Ne8+ Kf7
72.Nc7 Ng5+ 73.Kg3 Ne6 74.Nd5 e4 75.Kf2 Nc5 76.Ke3 Ke6 77.Nf4+ Ke5 78.Ng6+ Kf6
79.Nf4 Ne6 80.Nd5+ Ke5 81.Nc3 f4+ 82.Ke2 Nd4+ 83.Kf2 e3+ 84.Ke1 f3 85.Nd1 Nc2+  0-1

[Event "MK Cafe Cup-B"]
[Site "Koszalin"]
[Date "1999.08.13"]
[Round "10"]
[White "Grabarska, Barbara"]
[Black "Komliakov, Viktor"]
[Result "1-0"]
[WhiteElo "2293"]
[BlackElo "2494"]

1.e4 g6 2.d4 Bg7 3.Nc3 c6 4.Nf3 d6 5.Be3 Nf6 6.h3 O-O 7.Qd2 b5 8.Bd3 Nbd7
9.e5 b4 10.Ne2 dxe5 11.dxe5 Nd5 12.Bh6 Qc7 13.Bxg7 Kxg7 14.Qg5 f6 15.exf6+ exf6
16.Qd2 Ne5 17.Nxe5 Qxe5 18.O-O-O Be6 19.Rhe1 Rfe8 20.Bc4 Bf7 21.Nd4 Qc7 22.g3 Rxe1
23.Rxe1 Qd6 24.h4 h5 25.f4 Re8 26.Rxe8 Bxe8 27.Qd3 Bd7 28.Qe4 Ne7 29.Ne6+ Bxe6
30.Qxe6 Qxe6 31.Bxe6 g5 32.f5 c5 33.Kd2 Nc6 34.Kd3 Nd8 35.Bd5  1-0

[Event "Petermaennchen GM"]
[Site "Schwerin"]
[Date "1999.08.15"]
[Round "9"]
[White "Luther, Thomas"]
[Black "Kalinin, Oleg"]
[Result "1-0"]
[WhiteElo "2507"]
[BlackElo "2432"]

1.e4 g6 2.d4 Bg7 3.Nc3 c6 4.f4 d5 5.e5 Nh6 6.Nf3 Bg4 7.h3 Bxf3 8.Qxf3 Qb6
9.Ne2 f6 10.g4 fxe5 11.fxe5 Nf7 12.Qa3 Na6 13.Bd2 e6 14.O-O-O Qd8 15.h4 Nc7
16.g5 a5 17.Bh3 Bf8 18.Qg3 Qd7 19.Rhf1 Rg8 20.Rf3 a4 21.Rdf1 Rg7 22.Nf4 Be7
23.Qf2 Bd8 24.Bb4 b6 25.Nd3 Rb8 26.Bd6 Rb7 27.Bxc7 Bxc7 28.Nf4 Nd8 29.Nxe6 Nxe6
30.Rf8+  1-0

[Event "ESP-ch"]
[Site "Palencia"]
[Date "1999.08.19"]
[Round "1"]
[White "Moreno, Javier"]
[Black "Fernandez Lopez, Francisco"]
[Result "1-0"]
[WhiteElo "2474"]
[BlackElo "2171"]

1.e4 g6 2.d4 Bg7 3.Nc3 c6 4.f4 Nf6 5.Nf3 O-O 6.e5 Ne8 7.Bd3 d6 8.Be3 f6 9.Qe2 Bg4
10.exd6 Nxd6 11.O-O-O b5 12.h3 Be6 13.d5 b4 14.dxe6 bxc3 15.h4 Qa5 16.Kb1 Nb5
17.Bxb5 cxb5 18.Rd5 a6 19.Nd4 cxb2 20.h5 Rd8 21.Qf3 Rc8 22.Rd7 Nxd7 23.exd7 Rd8
24.Qd5+ Kh8 25.hxg6  1-0

[Event "Abu Dhabi Masters op"]
[Site "Abu Dhabi"]
[Date "1999.08.21"]
[Round "1"]
[White "Aliev, Rasim"]
[Black "Yurtaev, Leonid"]
[Result "0-1"]
[WhiteElo "2299"]
[BlackElo "2539"]

1.e4 g6 2.d4 Bg7 3.Nc3 c6 4.Nf3 d5 5.Be2 Bg4 6.Be3 Nf6 7.h3 Bxf3 8.Bxf3 dxe4
9.Nxe4 Nxe4 10.Bxe4 Nd7 11.O-O O-O 12.Bf3 Qc7 13.c3 Rad8 14.Qb3 Nb6 15.Rad1 Nd5
16.Bg5 h6 17.Bh4 Rd7 18.c4 Nb6 19.Bg3 Qc8 20.d5 cxd5 21.cxd5 Qc4 22.Qxc4 Nxc4
23.b3 Nd6 24.Bxd6 exd6 25.Rc1 Re8 26.Rfd1 Rde7 27.Kf1 Bb2 28.Rc2 Ba3 29.g3 a5
30.Re2 Rxe2 31.Bxe2 Rc8 32.Bc4 Rc5 33.Kg2 Kg7 34.Rd2 Bb4 35.Rd1 a4 36.Kf3 b5
37.Be2 a3 38.Rd4 Bc3 39.b4 Rc7 40.Rd1 Bxb4 41.Rb1 Rc3+ 42.Kg2 Bc5  0-1

[Event "Pyramiden Franken Cup"]
[Site "Fuerth"]
[Date "1999.08.21"]
[Round "1"]
[White "Conquest, Stuart"]
[Black "Hoennekes, Klaus"]
[Result "1-0"]
[WhiteElo "2555"]
[BlackElo "2126"]

1.e4 g6 2.d4 Bg7 3.Nc3 c6 4.Bc4 d6 5.Qf3 e6 6.Nge2 Qe7 7.a4 Nd7 8.O-O e5
9.Bg5 Ngf6 10.Ba2 O-O 11.Rad1 exd4 12.Nxd4 Ne5 13.Qe2 Qc7 14.Qd2 Qb6 15.Kh1 Re8
16.f4 Neg4 17.f5 d5 18.fxg6 hxg6 19.exd5 cxd5 20.Nxd5 Nxd5 21.Bxd5 Be6 22.Nxe6 fxe6
23.Bf3 Ne5 24.b3 Nxf3 25.Rxf3 Qc6 26.Qd7 Rf8 27.Qxc6 bxc6 28.Rd6  1-0

[Event "Ikaros op"]
[Site "Ikaros"]
[Date "1999.08.21"]
[Round "8"]
[White "Pedersen, Jan"]
[Black "Popchev, Milko"]
[Result "0-1"]
[WhiteElo "2334"]
[BlackElo "2498"]

1.e4 g6 2.d4 Bg7 3.Nc3 c6 4.Nf3 b5 5.a3 d6 6.Be2 a6 7.O-O Nd7 8.Bf4 e5 9.dxe5 dxe5
10.Bg5 f6 11.Be3 Nh6 12.a4 Bb7 13.axb5 axb5 14.Rxa8 Bxa8 15.Qd6 Nf7 16.Qa3 Qb8
17.Ra1 Bb7 18.Rd1 Bc8 19.Bc5 Nd8 20.Bd6 Qb7 21.Qb3 Bf8 22.Bxf8 Kxf8 23.Qb4+ Kg7
24.Qe7+ Nf7 25.Nd2 Nb6 26.Qxb7 Bxb7 27.Nb3 Ra8 28.Nc5 Bc8 29.b3 Kf8 30.h3 h5
31.h4 Ke7 32.f3 Nd8 33.Kf2 Ne6 34.Nxe6 Bxe6 35.Rd2 Nd7 36.Nd1 Ra2 37.Ke1 Ra1
38.Kf2 Nc5 39.Ne3 Ra2 40.Ke1 Bf7 41.b4 Na6 42.c3 Ra3 43.Rd3 Bc4 44.Nc2 Rb3
45.Re3 c5 46.Bxc4 bxc4 47.bxc5 Nxc5 48.Nb4 Ke6 49.Kf1 g5 50.hxg5 fxg5 51.Kg1 Rb1+
52.Kh2 Rc1 53.Kh3 Kd6 54.g3 Rd1 55.Re2 Nd3 56.Nd5 Ra1 57.Rd2 Kc5 58.Kg2 Kb5
59.Re2 Kc5 60.Rd2 Ra7 61.Re2 Rf7 62.Ra2 Ne1+ 63.Kf2 Nxf3 64.Ra5+ Kc6 65.Ke3 Nh2
66.Ra6+ Kb5 67.Re6 Nf1+ 68.Ke2 Nxg3+ 69.Ke3 g4 70.Rxe5 Rf3+ 71.Kd2 Kc6 72.Ne3 Rf2+
73.Kc1 Rf4 74.Nxc4 Rxe4 75.Rxe4 Nxe4 76.Kc2 Kc5 77.Ne5 Ng3  0-1

[Event "BIH-chT"]
[Site "Bihac"]
[Date "1999.08.23"]
[Round "3"]
[White "Lekic, Dusan"]
[Black "Nurkic, Sahbaz"]
[Result "0-1"]
[WhiteElo "2381"]
[BlackElo "2417"]

1.e4 g6 2.d4 Bg7 3.Nc3 c6 4.Bc4 d5 5.exd5 b5 6.Bb3 b4 7.Nce2 cxd5 8.Bd2 a5
9.a3 bxa3 10.Rxa3 Nf6 11.Nf3 O-O 12.Nf4 Ba6 13.Nd3 Nc6 14.O-O Ne4 15.Be3 Nb4
16.Re1 Bxd3 17.cxd3 Nd6 18.Bg5 Ra7 19.Qe2 Qb6 20.Ba4 Nf5 21.Be3 Nxd4 22.Nxd4 Bxd4
23.Bxd4 Qxd4 24.Qe3 Qxe3 25.fxe3 Rc8 26.d4 Rac7 27.Kf2 Rc1 28.Rxc1 Rxc1 29.Kf3 Rf1+
30.Kg3 Rb1 31.Rb3 f6 32.h4 Kf7 33.Bd7 e5  0-1